Spracovanie duplicitných správ z Bluetooth zariadení

Saved in:
Bibliographic Details
Main Author: Andrášik, Richard (Author)
Other Authors: Findura, Jakub (Thesis advisor)
Format: Manuscript Book
Language:Slovak
Published: 2022
Subjects:
Online Access:http://is.stuba.sk/zp/portal_zp.pl?podrobnosti=154864
Tags: Add Tag
No Tags, Be the first to tag this record!

MARC

LEADER 00000ntm a22000003a 4500
001 stuzp87954
003 SK-STU
005 20220625210528.8
007 ta
008 150427s2015----xo-----f-mn---000-0-slo-d
040 |a STU  |b slo 
041 0 |a slo 
100 1 |a Andrášik, Richard  |u 070400  |4 aut  |U FIIT Fakulta informatiky a informačných technológií  |T FIIT Ústav počítačového inžinierstva a aplikovanej informatiky  |X 102847  |U I400  |Y 672  |7 102847 
242 0 1 |a Message deduplication from Bluetooth devices  |y eng 
245 1 0 |a Spracovanie duplicitných správ z Bluetooth zariadení 
260 |c 2022 
650 4 |a Bluetooth  |2 slo 
650 4 |a IoT siete  |2 slo 
650 4 |a Deduplikácia  |2 slo 
650 4 |a Bluetooth  |2 eng 
650 4 |a IoT networks  |2 eng 
650 4 |a Deduplication  |2 eng 
700 1 |a Findura, Jakub  |u 070400  |k Z2  |4 ths  |U FIIT Fakulta informatiky a informačných technológií  |T FIIT Ústav počítačového inžinierstva a aplikovanej informatiky  |X 72069  |U I400  |Y 672  |7 72069 
856 4 |u http://is.stuba.sk/zp/portal_zp.pl?podrobnosti=154864